Деньги. Кредит. Банки: учебник для вузов

Bibliographische Detailangaben
Weitere Verfasser: Жуков Е. Ф. Евгений Федорович (редактор)
Sprache:Russisch
Veröffentlicht: Москва, Банки и биржи, 1999
Schlagworte:
Format: MixedMaterials Buch
KOHA link:https://koha.lib.tpu.ru/cgi-bin/koha/opac-detail.pl?biblionumber=14640

MARC

LEADER 00000nam0a2200000 4500
001 14640
005 20231030185753.0
010 |a 523800060X 
035 |a (RuTPU)RU\TPU\book\14738 
035 |a BOOK00014806 
090 |a 14640 
100 |a 20011209d1999 m y0rusy50 ca 
101 0 |a rus 
102 |a RU 
105 |a y j 000zy 
200 1 |a Деньги. Кредит. Банки  |e учебник для вузов  |f Под ред. Е. Ф. Жукова 
210 |a Москва  |c Банки и биржи  |c ЮНИТИ  |d 1999 
215 |a 622 с. 
451 1 |0 (RuTPU)RU\TPU\book\22965  |y 5-238-00060-X  |t Деньги. Кредит. Банки  |o учебник  |f Под ред. Е. Ф. Жукова  |c М.  |n ЮНИТИ  |d 2000  |p 622 с. 
610 1 |a финансы 
610 1 |a банки 
610 1 |a банковские операции 
610 1 |a деньги 
610 1 |a кредит 
610 1 |a экономика 
610 1 |a учебники 
686 |a У9(2)262.1я73  |v LBC/SL-A  |2 rubbk 
702 1 |a Жуков  |b Е. Ф.  |g Евгений Федорович  |4 340 
801 0 |a RU  |b 63413507  |c 20011209  |g PSBO 
801 2 |a RU  |b 63413507  |c 20080221  |g PSBO 
900 |a Банковское дело 
942 |c BK